| 000 | 00321nam a22001097a 4500 | ||
|---|---|---|---|
| 082 |
_a388.3142 _bTRA _cD |
||
| 245 |
_aTraffic Capacity of major routes _broad transportation research |
||
| 260 |
_aParis. : _bOECD _c1983 |
||
| 300 |
_a120 p, : _bill, : _c24 Cm |
||
| 526 |
_a0 _b0 _c0 _d388_314200000000000_TRA |
||
| 942 |
_2ddc _cBK |
||
| 999 |
_c543328 _d543328 |
||